Loading...
| Science - Other Science | 0 | 5 | 0 | 1 | 50 | 68 | 88.20 | 0 | 0 |
| Social Science | 0 | 4 | 0 | 2 | 40 | 114 | 127.00 | 0 | 0 |
| History - American History | 0 | 4 | 0 | 3 | 40 | 105 | 128.75 | 0 | 0 |
| Fine Arts - Classical Music | 0 | 3 | 0 | 1 | 30 | 87 | 120.00 | 0 | 0 |
| Mythology | 0 | 2 | 0 | 0 | 20 | 126 | 127.00 | 0 | 0 |
| Religion | 0 | 2 | 0 | 1 | 20 | 87 | 111.00 | 0 | 0 |
| Literature - World Literature | 0 | 1 | 0 | 0 | 10 | 125 | 125.00 | 0 | 0 |
| Geography | 0 | 1 | 0 | 0 | 10 | 105 | 105.00 | 0 | 0 |
| Any History | 0 | 1 | 1 | 0 | 5 | 110 | 110.00 | 0 | 0 |
| Fine Arts - Other Fine Arts | 0 | 0 | 0 | 0 | 0 | 0.00 | 0 | 0 | |
| Painting & Sculpture | 0 | 0 | 1 | 0 | -5 | 0.00 | 0 | 0 |